Welcome to CU Library Online Public Access Catalogue (OPAC)

Elementary Classical Physics/ (Record no. 1541)

MARC details
000 -LEADER
fixed length control field 00510nam a22001577a 4500
005 - DATE AND TIME OF LATEST TRANSACTION
control field 20241125185751.0
008 - FIXED-LENGTH DATA ELEMENTS--GENERAL INFORMATION
fixed length control field 241125b |||||||| |||| 00| 0 eng d
050 ## - LIBRARY OF CONGRESS CALL NUMBER
Classification number QC21.2
Item number .W4
100 ## - MAIN ENTRY--PERSONAL NAME
Personal name Weidner, Richard T.
245 ## - TITLE STATEMENT
Title Elementary Classical Physics/
Remainder of title mechanics, kinetic theory, thermodynamics, Volume I
Statement of responsibility, etc. Richard T. Weidner & Robert L. Sells
250 ## - EDITION STATEMENT
Edition statement Volume I
260 ## - PUBLICATION, DISTRIBUTION, ETC.
Place of publication, distribution, etc. Boston
Name of publisher, distributor, etc. Allyn & Bacon, INC.
Date of publication, distribution, etc. 1965
300 ## - PHYSICAL DESCRIPTION
Extent xv.640p.
Other physical details ill.
Dimensions 23.5cm
700 ## - ADDED ENTRY--PERSONAL NAME
Personal name Sells, Robert L.
942 ## - ADDED ENTRY ELEMENTS (KOHA)
Source of classification or shelving scheme Library of Congress Classification
Koha item type Books
Suppress in OPAC No
999 ## -
-- 1541
-- 1541
Holdings
Withdrawn status Lost status Source of classification or shelving scheme Damaged status Not for loan Collection Home library Current library Shelving location Date acquired Total checkouts Full call number Barcode Date last seen Copy number Price effective from Koha item type
    Library of Congress Classification     Non-fiction Science Library (Miotso) Science Library (Miotso) General stacks 11/25/2024   QC21.2 .W4 WEI SLM00000833 11/25/2024 1 11/25/2024 Books
© 2023-2024 Copyright: Central University Libraries. All Rights Reserved | Created by: Mahone Tech Office